| 000 | 00826nam0a2200265 i 4500 | ||
|---|---|---|---|
| 001 | RU\NLR\BIBL_A\011277384 | ||
| 005 | 20240726222228.0 | ||
| 010 |
_a9785984492997 _9200 |
||
| 021 |
_aRU _b2016-86054 _95643 |
||
| 035 | _a(NLR Aleph) 011277384 | ||
| 090 |
_a10855747 _c10855747 |
||
| 100 | _a20161124d2016 u y0rusy50 ca | ||
| 101 | 0 | _arus | |
| 102 | _aRU | ||
| 105 | _aac z 000gy | ||
| 200 | 1 |
_aНа крыльях ветра _e[стихи] _fЕлена Сибирко |
|
| 210 |
_aНижний Новгород _c[б.и.] _d2016 |
||
| 215 |
_a275 с _cил., портр. _d22 |
||
| 686 | 2 | _aШ6(2=Р)8-5 | |
| 700 | 1 |
_aСибирко _bЕ. А. _f1984- _gЕлена Александровна |
|
| 942 | _cBOOK | ||
| 980 | _aNBR | ||